[Event "Marburg op"]
[Site "Marburg"]
[Date "2024.10.25"]
[Round "2"]
[White "Filis, Fotios"]
[Black "Leck, Gerrit"]
[Result "0-1"]
[WhiteElo "1509"]
[BlackElo "2005"]
[PlyCount "98"]
[EventDate "2024.10.24"]
[EventType "swiss"]
[EventRounds "7"]
[EventCountry "GER"]
[SourceTitle "CB16_2025"]
[SourceDate "2025.04.16"]
[SourceVersion "1"]
[SourceVersionDate "2025.04.16"]
[SourceQuality "1"]

1. d4 Nf6 2. Nc3 d5 3. Bf4 g6 4. e3 c6 5. Be2 Nbd7 6. Nf3 Nh5 7. Ne5 Nxf4 8. exf4 Bg7 9. h4 Nxe5 10. fxe5 h5 11. g4 Bxg4 12. Bxg4 hxg4 13. Qxg4 Qd7 14. Qxd7+ Kxd7 15. 0-0-0 Rh5 16. Rh2 Rah8 17. Rdh1 g5 18. Ne2 Rxh4 19. Rxh4 Rxh4 20. Rf1 Ke6 21. c3 Kf5 22. Ng3+ Kf4 23. Kd1 e6 24. Ke2 f6 25. exf6 Bxf6 26. Rh1 Rxh1 27. Nxh1 e5 28. dxe5 Bxe5 29. Ng3 Kg4 30. Nf1 Bf4 31. Ne3+ Bxe3 32. Kxe3 c5 33. b4 b6 34. a4 Kf5 35. bxc5 bxc5 36. a5 Ke5 37. a6 d4+ 38. Kd3 dxc3 39. Kxc3 Kd5 40. Kd3 c4+ 41. Kc3 Kc5 42. f3 Kd5 43. Kc2 Kd4 44. Kd2 c3+ 45. Kc2 Kc4 46. Kc1 Kd3 47. Kd1 c2+ 48. Kc1 Kc3 49. f4 g4 0-1

[Event "Marburg op"]
[Site "Marburg"]
[Date "2024.10.25"]
[Round "3"]
[White "Leck, Gerrit"]
[Black "Bezsonna, Polina"]
[Result "1-0"]
[WhiteElo "2005"]
[BlackElo "1905"]
[PlyCount "135"]
[EventDate "2024.10.24"]
[EventType "swiss"]
[EventRounds "7"]
[EventCountry "GER"]
[SourceTitle "CB16_2025"]
[SourceDate "2025.04.16"]
[SourceVersion "1"]
[SourceVersionDate "2025.04.16"]
[SourceQuality "1"]

1. e4 c5 2. Nf3 Nc6 3. d3 g6 4. g3 Bg7 5. Bg2 e6 6. 0-0 Nge7 7. Nbd2 d5 8. Re1 0-0 9. h4 b6 10. e5 Nf5 11. c3 Bb7 12. Nf1 Rc8 13. N1h2 b5 14. Bg5 Nfe7 15. Ng4 Qc7 16. Qd2 Kh8 17. Bf6 Ng8 18. h5 Nce7 19. h6 Bxf6 20. exf6 Nf5 21. d4 cxd4 22. Nxd4 Nd6 23. a4 bxa4 24. Rxa4 a6 25. Ra2 Nc4 26. Qg5 Qd6 27. b3 Nb6 28. Re3 Nd7 29. b4 e5 30. Nf5 Qe6 31. Nd4 Qb6 32. Nxe5 Nxe5 33. Qxe5 Qxf6 34. Bxd5 Qxe5 35. Rxe5 Bxd5 36. Rxd5 Rxc3 37. Rxa6 Nxh6 38. b5 Rd3 39. Rad6 Nf5 40. Nxf5 Rxd5 41. Rxd5 gxf5 42. Rxf5 Rb8 43. Kf1 Kg7 44. Ke2 Kf8 45. Kd3 Ke7 46. Kc4 Rb7 47. Kc5 Kd8 48. b6 Kc8 49. Kc6 Re7 50. Rf6 Kb8 51. Kd6 Rb7 52. Kc5 Re7 53. Kc6 Kc8 54. Rd6 Re8 55. b7+ Kb8 56. Kb6 Rg8 57. g4 h6 58. Rxh6 f5 59. g5 Re8 60. Rf6 f4 61. Kc6 f3 62. Rxf3 Re6+ 63. Kd7 Rg6 64. Rf5 Kxb7 65. f4 Rg7+ 66. Ke8 Kc6 67. Kf8 Rd7 68. g6 1-0

[Event "Staufer op 34th"]
[Site "Schwaebisch Gmuend"]
[Date "2024.01.03"]
[Round "4"]
[White "Herbrig, Alexander"]
[Black "Leck, Gerrit"]
[Result "1-0"]
[WhiteElo "2277"]
[BlackElo "1960"]
[PlyCount "127"]
[EventDate "2024.01.02"]
[EventType "swiss"]
[EventRounds "9"]
[EventCountry "GER"]
[SourceTitle "CBM 218 Extra"]
[Source "ChessBase"]
[SourceDate "2024.03.31"]
[SourceVersion "1"]
[SourceVersionDate "2024.03.31"]
[SourceQuality "1"]

1. d4 Nf6 2. Nf3 d6 3. g3 Nbd7 4. Bg2 e5 5. dxe5 dxe5 6. 0-0 Bc5 7. Nc3 h6 8. a4 a5 9. Nd2 0-0 10. b3 c6 11. Bb2 Qc7 12. e3 Re8 13. Qe2 Bf8 14. h3 Nc5 15. Rad1 Bd7 16. g4 Rad8 17. Nce4 Nfxe4 18. Nxe4 Nxe4 19. Bxe4 Be6 20. c4 Be7 21. Bb1 Rxd1 22. Rxd1 Rd8 23. Rxd8+ Bxd8 24. Qd3 Bf6 25. Qh7+ Kf8 26. Ba3+ c5 27. Qh8+ Ke7 28. Qa8 b6 29. Be4 Bc8 30. Bb2 Bd7 31. Bd5 Be8 32. Kg2 Kf8 33. Bc3 Ke7 34. Kf1 Kf8 35. Ke2 Ke7 36. Kd2 Kf8 37. Kd3 Ke7 38. Qb7 Qxb7 39. Bxb7 e4+ 40. Bxe4 Bxc3 41. Kxc3 g5 42. Kd3 Kd6 43. f4 f6 44. Ke2 Bf7 45. Kf3 Be8 46. Kf2 Bf7 47. Kg3 Be8 48. Kf3 Bf7 49. Bh7 Be8 50. Ke4 Bd7 51. Bg6 Bc8 52. Kf3 Bb7+ 53. e4 Bc6 54. h4 Bb7 55. Bf7 Bc6 56. Bd5 Be8 57. e5+ fxe5 58. fxg5 hxg5 59. hxg5 Ke7 60. Ke4 Bg6+ 61. Kxe5 Bh7 62. Be4 Bg8 63. g6 Be6 64. Bd5 1-0

[Event "Wiesbaden op 32nd"]
[Site "Wiesbaden"]
[Date "2023.08.25"]
[Round "2"]
[White "Gutman, Lev"]
[Black "Leck, Gerrit"]
[Result "1-0"]
[WhiteElo "2325"]
[BlackElo "1981"]
[PlyCount "61"]
[EventDate "2023.08.24"]
[EventType "swiss"]
[EventRounds "7"]
[EventCountry "GER"]
[SourceTitle "CBM 216 Extra"]
[Source "ChessBase"]
[SourceDate "2023.11.30"]
[SourceVersion "1"]
[SourceVersionDate "2023.11.30"]
[SourceQuality "1"]

1. Nf3 Nf6 2. g3 g6 3. Bg2 Bg7 4. 0-0 0-0 5. d4 d6 6. c4 Nbd7 7. Nc3 e5 8. h3 Re8 9. e4 exd4 10. Nxd4 c6 11. Be3 Nc5 12. Qc2 Qe7 13. Rfe1 a5 14. Rad1 a4 15. f3 Nfd7 16. Bf2 h5 17. b4 axb3 18. axb3 h4 19. g4 Be5 20. Nce2 g5 21. Nf5 Qf8 22. Be3 Ne6 23. Qd2 f6 24. f4 Nxf4 25. Nxf4 gxf4 26. Bxf4 Nc5 27. Bh6 Qf7 28. Nxd6 Bxd6 29. Qxd6 Nxb3 30. Rf1 Be6 31. e5 1-0

[Event "Rhein Main op-A 25th"]
[Site "Bad Homburg"]
[Date "2023.06.10"]
[Round "5"]
[White "Leck, Gerrit"]
[Black "Ziska, Stephan"]
[Result "1-0"]
[WhiteElo "2005"]
[BlackElo "1846"]
[PlyCount "75"]
[EventDate "2023.06.07"]
[EventType "swiss"]
[EventRounds "7"]
[EventCountry "GER"]
[SourceTitle "CBM 215 Extra"]
[Source "ChessBase"]
[SourceDate "2023.09.30"]
[SourceVersion "1"]
[SourceVersionDate "2023.09.30"]
[SourceQuality "1"]

1. e4 d6 2. d4 Nf6 3. Nc3 g6 4. f4 c6 5. Nf3 Bg7 6. Bd3 Qc7 7. 0-0 Bg4 8. e5 Nd5 9. Nxd5 cxd5 10. h3 Bxf3 11. Qxf3 e6 12. c3 Nc6 13. Bd2 0-0-0 14. b4 Rhf8 15. a4 f6 16. exf6 Bxf6 17. Rae1 e5 18. Qxd5 exd4 19. c4 Ne7 20. Qe6+ Qd7 21. Qxd7+ Kxd7 22. g4 Rde8 23. Kg2 a6 24. Kg3 Bg7 25. Re2 h6 26. Rfe1 h5 27. a5 g5 28. gxh5 gxf4+ 29. Bxf4 Rg8 30. Kh2 Bf6 31. Bxd6 Bh4 32. Bxe7 Bxe1 33. Bf5+ Kc7 34. Rxe1 Rg7 35. Bd6+ Kd8 36. Rxe8+ Kxe8 37. h6 Rg8 38. h7 1-0

[Event "Rhein Main op-A 25th"]
[Site "Bad Homburg"]
[Date "2023.06.07"]
[Round "1"]
[White "Leck, Gerrit"]
[Black "Marchese, Gaspare"]
[Result "1-0"]
[WhiteElo "2005"]
[BlackElo "1789"]
[PlyCount "77"]
[EventDate "2023.06.07"]
[EventType "swiss"]
[EventRounds "7"]
[EventCountry "GER"]
[SourceTitle "CBM 215 Extra"]
[Source "ChessBase"]
[SourceDate "2023.09.30"]
[SourceVersion "1"]
[SourceVersionDate "2023.09.30"]
[SourceQuality "1"]

1. e4 e6 2. d4 d5 3. Nc3 Nf6 4. e5 Nfd7 5. f4 c5 6. Nf3 Nc6 7. Be3 Be7 8. Qd2 Qa5 9. Be2 0-0 10. 0-0 f5 11. Kh1 Rb8 12. Rg1 b5 13. a3 c4 14. g4 b4 15. axb4 Qxb4 16. gxf5 Rxf5 17. Ng5 Rxg5 18. fxg5 Ndxe5 19. Bf4 Bb7 20. Rg3 Rf8 21. dxe5 d4 22. Bf3 dxc3 23. bxc3 Qb5 24. Bg2 Bc5 25. Be3 Rd8 26. Qf2 Bxe3 27. Qxe3 Qb2 28. Rf1 Qxc2 29. Qf4 Qg6 30. Be4 Qxe4+ 31. Qxe4 Na5 32. Qxb7 Nxb7 33. Rg4 Na5 34. Rgf4 Nc6 35. Rxc4 Nxe5 36. Rc7 a5 37. Ra1 Nf7 38. Rxa5 Nxg5 39. Rxg5 1-0

[Event "Rhein Main op-A 22nd"]
[Site "Bad Homburg"]
[Date "2019.06.20"]
[Round "3"]
[White "Leck, Gerrit"]
[Black "Schmid, Roland1"]
[Result "0-1"]
[WhiteElo "2000"]
[BlackElo "2274"]
[PlyCount "102"]
[EventDate "2019.06.19"]
[EventType "swiss"]
[EventRounds "9"]
[EventCountry "GER"]
[SourceTitle "EXT 2020"]
[Source "ChessBase"]
[SourceDate "2019.10.17"]
[SourceVersion "1"]
[SourceVersionDate "2019.10.17"]
[SourceQuality "1"]

1. e4 d6 2. d4 Nf6 3. Nc3 e5 4. Nf3 Nbd7 5. Bc4 Be7 6. 0-0 h6 7. dxe5 dxe5 8. Qe2 c6 9. a4 Qc7 10. Rd1 Nf8 11. Nh4 Ne6 12. Bxe6 Bxe6 13. Nf5 Bf8 14. b3 g6 15. Ng3 h5 16. h3 h4 17. Nf1 Nh5 18. Ba3 Nf4 19. Qf3 Bxa3 20. Rxa3 Qe7 21. Raa1 Qc5 22. Ne2 g5 23. Nxf4 gxf4 24. c4 a5 25. Rd3 Ke7 26. Rad1 Rag8 27. Kh1 Rg5 28. Nd2 Rhg8 29. Rg1 f6 30. Qe2 R5g7 31. Nf3 Rh7 32. Rgd1 Kf7 33. Kh2 Qe7 34. Qd2 b6 35. Rd6 Bd5 36. Rxd5 cxd5 37. Qxd5+ Kg7 38. Qc6 Qc5 39. Rd7+ Kg6 40. Qxc5 bxc5 41. Rd6 Re8 42. Ra6 Rc7 43. Nxh4+ Kf7 44. Nf5 Rb8 45. Nd6+ Kg6 46. Nb5 Rd7 47. Rxa5 Rd2 48. Kg1 Rd1+ 49. Kh2 Rf1 50. f3 Rd8 51. Nc3 Rd3 0-1

[Event "Heusenstamm Sparkassen op-A 5th"]
[Site "Heusenstamm"]
[Date "2018.11.25"]
[Round "6"]
[White "Leck, Gerrit"]
[Black "Schmitt, Carsten1"]
[Result "1-0"]
[WhiteElo "1993"]
[BlackElo "1913"]
[PlyCount "53"]
[EventDate "2018.11.22"]
[EventType "swiss"]
[EventRounds "7"]
[EventCountry "GER"]
[SourceTitle "CBM 188 Extra"]
[Source "ChessBase"]
[SourceDate "2019.02.28"]
[SourceVersion "1"]
[SourceVersionDate "2019.02.28"]
[SourceQuality "1"]

1. d4 d5 2. c4 e6 3. Nc3 c5 4. cxd5 exd5 5. Nf3 Nc6 6. g3 Nf6 7. Bg2 Be7 8. 0-0 0-0 9. Bg5 c4 10. Ne5 Be6 11. e3 Qa5 12. h3 Rfd8 13. Nxc6 bxc6 14. g4 Rab8 15. Qd2 Bb4 16. Bf4 Rb5 17. Qc2 Bxc3 18. bxc3 Rd7 19. Rab1 Rdb7 20. Bd6 h6 21. Bb4 Qd8 22. a4 a5 23. axb5 axb4 24. bxc6 Rc7 25. Rxb4 Rxc6 26. Rfb1 Rc8 27. Qd2 1-0

[Event "Heusenstamm Sparkassen op-A 5th"]
[Site "Heusenstamm"]
[Date "2018.11.24"]
[Round "4"]
[White "Leck, Gerrit"]
[Black "Krastev, Alexander"]
[Result "0-1"]
[WhiteElo "1993"]
[BlackElo "2342"]
[PlyCount "140"]
[EventDate "2018.11.22"]
[EventType "swiss"]
[EventRounds "7"]
[EventCountry "GER"]
[SourceTitle "CBM 188 Extra"]
[Source "ChessBase"]
[SourceDate "2019.02.28"]
[SourceVersion "1"]
[SourceVersionDate "2019.02.28"]
[SourceQuality "1"]

1. e4 c5 2. Nf3 g6 3. d4 cxd4 4. Nxd4 Bg7 5. c4 Nc6 6. Be3 Nf6 7. Nc3 d6 8. Be2 Nd7 9. 0-0 Nc5 10. Rc1 0-0 11. Qd2 Bd7 12. f3 a5 13. Ndb5 Nb4 14. Rfd1 b6 15. Bd4 Bxd4+ 16. Qxd4 Rc8 17. Qe3 Nc6 18. h4 Be6 19. f4 f6 20. h5 Rf7 21. hxg6 hxg6 22. Kf2 Qf8 23. g4 Rh7 24. Rh1 Qg7 25. Nd5 Kf7 26. Nxb6 Rch8 27. Rxh7 Qxh7 28. Rg1 Qh4+ 29. Kf1 Kg7 30. Nd5 Qh2 31. Nbc3 Rh3 32. Qf2 Bxd5 33. exd5 Nb4 34. Qxh2 Rxh2 35. Rg3 Rh1+ 36. Kg2 Rc1 37. Re3 Kf7 38. Kg3 Rc2 39. a3 Nba6 40. Nd1 a4 41. Kf2 Nb3 42. Rc3 Rd2 43. Ke1 Nac5 44. Re3 f5 45. gxf5 gxf5 46. Bh5+ Kf8 47. Be2 Rd4 48. Rf3 Nd2 49. Rc3 Ndb3 50. Rf3 Nc1 51. Nf2 Nxe2 52. Kxe2 Rxc4 53. Nd1 Rc2+ 54. Ke3 Ne4 55. Nf2 Nf6 56. Nd3 Nxd5+ 57. Kd4 e6 58. Rh3 Kg7 59. Rg3+ Kf7 60. Rh3 Re2 61. Kc4 Re4+ 62. Kb5 Nxf4 63. Nxf4 Rxf4 64. b4 axb3 65. Rxb3 Rf1 66. a4 Ra1 67. Rb4 e5 68. a5 f4 69. Re4 Ke6 70. a6 f3 0-1

[Event "Nottingham 4NCL op 20th"]
[Site "Nottingham"]
[Date "2018.09.29"]
[Round "2"]
[White "Leck, Gerrit"]
[Black "Hynes, Anthony"]
[Result "1/2-1/2"]
[WhiteElo "1932"]
[BlackElo "2093"]
[PlyCount "66"]
[EventDate "2018.09.28"]
[EventType "swiss"]
[EventRounds "5"]
[EventCountry "ENG"]
[SourceTitle "CBM 186 Extra"]
[Source "ChessBase"]
[SourceDate "2018.08.24"]
[SourceVersion "1"]
[SourceVersionDate "2018.08.24"]
[SourceQuality "1"]

1. e4 e5 2. Nf3 Nc6 3. Bb5 a6 4. Ba4 Nf6 5. 0-0 b5 6. Bb3 Bc5 7. a4 Bb7 8. d3 h6 9. Nc3 b4 10. Nd5 d6 11. c3 bxc3 12. bxc3 Nxd5 13. Bxd5 Na5 14. Bxb7 Nxb7 15. a5 0-0 16. d4 exd4 17. cxd4 Bb4 18. Bd2 Bxd2 19. Qxd2 Re8 20. Rfb1 Qc8 21. Qb4 Nd8 22. d5 f5 23. Re1 Nf7 24. Nd4 fxe4 25. Ne6 Ng5 26. Nxg5 hxg5 27. Rxe4 Rb8 28. Qe1 Kf7 29. Rc1 Qb7 30. Rxe8 Rxe8 31. Qd1 Kg8 32. h3 Re5 33. Qh5 Qb8 1/2-1/2

[Event "Hofheim Spring op-A 5th"]
[Site "Hofheim"]
[Date "2017.04.10"]
[Round "6"]
[White "Leck, Gerrit"]
[Black "Everett, Elijah David"]
[Result "0-1"]
[WhiteElo "1919"]
[BlackElo "2114"]
[PlyCount "56"]
[EventDate "2017.04.07"]
[EventType "swiss"]
[EventRounds "9"]
[EventCountry "GER"]
[SourceTitle "CBM 177 Extra"]
[Source "ChessBase"]
[SourceDate "2017.04.27"]
[SourceVersion "1"]
[SourceVersionDate "2017.04.27"]
[SourceQuality "1"]

1. e4 c5 2. Nf3 d6 3. d4 cxd4 4. Nxd4 Nf6 5. Nc3 a6 6. Be3 e5 7. Nb3 Be6 8. f3 Nbd7 9. Qd2 Be7 10. Nd5 Nxd5 11. exd5 Bf5 12. Be2 0-0 13. 0-0 Qc7 14. c4 b6 15. Rac1 a5 16. Na1 Nc5 17. Nc2 Bd7 18. Na3 f5 19. Nb5 Qb8 20. f4 Bf6 21. Bxc5 bxc5 22. fxe5 Bxe5 23. g3 Qd8 24. Bf3 f4 25. Kg2 Qf6 26. Nc7 Rab8 27. b3 fxg3 28. Bg4 Qh4 0-1

[Event "Hofheim Spring op-A 5th"]
[Site "Hofheim"]
[Date "2017.04.09"]
[Round "5"]
[White "Leck, Gerrit"]
[Black "Zweschper, Erich"]
[Result "1/2-1/2"]
[WhiteElo "1919"]
[BlackElo "2022"]
[PlyCount "69"]
[EventDate "2017.04.07"]
[EventType "swiss"]
[EventRounds "9"]
[EventCountry "GER"]
[SourceTitle "CBM 177 Extra"]
[Source "ChessBase"]
[SourceDate "2017.04.27"]
[SourceVersion "1"]
[SourceVersionDate "2017.04.27"]
[SourceQuality "1"]

1. e4 g6 2. d4 Bg7 3. Nc3 d6 4. f4 Nd7 5. Nf3 c6 6. Bc4 Nb6 7. Bd3 Bg4 8. Be3 e5 9. dxe5 dxe5 10. f5 gxf5 11. exf5 Ne7 12. 0-0 Nbd5 13. Qe1 Bxf5 14. Qg3 Nxe3 15. Qxg7 Rg8 16. Qxe5 Bxd3 17. Qxe3 Bxf1 18. Kxf1 Rg6 19. Qe5 f6 20. Qh5 Kf8 21. Qxh7 Rg7 22. Qh8+ Kf7 23. Qh5+ Kg8 24. Rd1 Qb6 25. Ne4 Rf8 26. b3 Nd5 27. Rxd5 cxd5 28. Qxd5+ Kh8 29. Nc5 Rd8 30. Qh5+ Kg8 31. Qf5 Qd6 32. Ne4 Qd1+ 33. Ne1 Rf8 34. Qe6+ Kh8 35. h3 1/2-1/2

[Event "Hofheim Spring op-A 5th"]
[Site "Hofheim"]
[Date "2017.04.09"]
[Round "4"]
[White "Wiley, Tom E"]
[Black "Leck, Gerrit"]
[Result "1-0"]
[WhiteElo "2156"]
[BlackElo "1919"]
[PlyCount "85"]
[EventDate "2017.04.07"]
[EventType "swiss"]
[EventRounds "9"]
[EventCountry "GER"]
[SourceTitle "CBM 177 Extra"]
[Source "ChessBase"]
[SourceDate "2017.04.27"]
[SourceVersion "1"]
[SourceVersionDate "2017.04.27"]
[SourceQuality "1"]

1. d4 Nf6 2. Bg5 d5 3. Bxf6 exf6 4. e3 g6 5. Ne2 Bg7 6. g3 0-0 7. Bg2 c6 8. 0-0 Nd7 9. Nd2 f5 10. Rb1 Nf6 11. c4 dxc4 12. Nxc4 Be6 13. Rc1 Nd5 14. a3 a5 15. Ne5 Bxe5 16. dxe5 Nb6 17. Qc2 Qb8 18. f4 Nd5 19. Bxd5 Bxd5 20. Nc3 Bc4 21. Rfd1 Qa7 22. Kf2 Rfd8 23. Ne4 Rxd1 24. Rxd1 Be6 25. Nc5 Bd5 26. Nd7 Be6 27. Nf6+ Kg7 28. Rd6 Qb6 29. Qd2 Qc7 30. h3 h5 31. Kg2 b5 32. e4 fxe4 33. g4 hxg4 34. hxg4 e3 35. Qxe3 Rh8 36. Qc5 Rc8 37. Kg3 Rd8 38. Qd4 Rh8 39. Ne4 Qe7 40. Ng5 Bc8 41. Qc5 Qb7 42. Rf6 Rf8 43. e6 1-0

[Event "Hofheim Spring op-A 5th"]
[Site "Hofheim"]
[Date "2017.04.08"]
[Round "3"]
[White "Leck, Gerrit"]
[Black "Chandler, Patrick"]
[Result "1/2-1/2"]
[WhiteElo "1919"]
[BlackElo "2151"]
[PlyCount "66"]
[EventDate "2017.04.07"]
[EventType "swiss"]
[EventRounds "9"]
[EventCountry "GER"]
[SourceTitle "CBM 177 Extra"]
[Source "ChessBase"]
[SourceDate "2017.04.27"]
[SourceVersion "1"]
[SourceVersionDate "2017.04.27"]
[SourceQuality "1"]

1. e4 c5 2. Nf3 Nf6 3. e5 Nd5 4. Nc3 Nxc3 5. dxc3 d5 6. c4 d4 7. Bd3 Bg4 8. h3 Bd7 9. 0-0 e6 10. Qe2 Bc6 11. Ng5 Be7 12. Qh5 g6 13. Qg4 Nd7 14. Nxe6 Qb8 15. Ng5 Nxe5 16. Qe2 0-0 17. f4 Nxd3 18. cxd3 Re8 19. Qf2 f5 20. b4 b6 21. b5 Bb7 22. Bd2 h6 23. Nf3 Qd6 24. a4 Bf6 25. Rfe1 Kh7 26. Rxe8 Rxe8 27. Re1 Rxe1+ 28. Qxe1 Bxf3 29. gxf3 Qe7 30. Qxe7+ Bxe7 31. Be1 g5 32. fxg5 Bxg5 33. Bg3 f4 1/2-1/2

[Event "Goch op 27th"]
[Site "Goch"]
[Date "2016.09.03"]
[Round "4"]
[White "Vovchik, Vladimir"]
[Black "Leck, Gerrit"]
[Result "0-1"]
[WhiteElo "1797"]
[BlackElo "1910"]
[PlyCount "58"]
[EventDate "2016.09.01"]
[EventType "swiss"]
[EventRounds "7"]
[EventCountry "GER"]
[SourceTitle "EXT 2018"]
[Source "ChessBase"]
[SourceDate "2017.10.13"]
[SourceVersion "1"]
[SourceVersionDate "2017.10.13"]
[SourceQuality "1"]

1. e4 c5 2. Nf3 d6 3. d4 cxd4 4. Nxd4 Nf6 5. Nc3 a6 6. h3 e6 7. Be3 Be7 8. Bd3 Nbd7 9. Nb3 b5 10. g4 b4 11. Ne2 Bb7 12. Ng3 d5 13. f3 Qc7 14. Bf2 dxe4 15. Nxe4 Nxe4 16. fxe4 h5 17. gxh5 Bf6 18. Rb1 Rd8 19. Nd2 Ne5 20. Rc1 Rxd3 21. cxd3 Nxd3+ 22. Ke2 Nxc1+ 23. Qxc1 Qe5 24. Qc2 0-0 25. h6 Qh5+ 26. Nf3 Rc8 27. Qb1 Rc4 28. h7+ Kxh7 29. e5+ Be4 0-1

[Event "Wiesbaden op 28th"]
[Site "Wiesbaden"]
[Date "2016.08.26"]
[Round "3"]
[White "Leck, Gerrit"]
[Black "Spitzl, Vinzent"]
[Result "1/2-1/2"]
[WhiteElo "1916"]
[BlackElo "2238"]
[PlyCount "103"]
[EventDate "2016.08.25"]
[EventType "swiss"]
[EventRounds "7"]
[EventCountry "GER"]
[SourceTitle "CBM 174 Extra"]
[Source "ChessBase"]
[SourceDate "2016.10.10"]
[SourceVersion "1"]
[SourceVersionDate "2016.10.10"]
[SourceQuality "1"]

1. e4 c5 2. Nf3 d6 3. d4 cxd4 4. Nxd4 Nf6 5. Nc3 a6 6. Be3 e5 7. Nb3 Be7 8. f3 Be6 9. Qd2 0-0 10. 0-0-0 a5 11. Kb1 a4 12. Nc1 a3 13. b3 Ra5 14. Bb5 Qc7 15. b4 Ra8 16. Nd5 Nxd5 17. exd5 Bf5 18. g4 Bg6 19. h4 Rc8 20. Nd3 Nd7 21. h5 Bxd3 22. Qxd3 e4 23. fxe4 Ne5 24. Qd2 Nxg4 25. Bd4 h6 26. c4 Bg5 27. Qe2 Nf6 28. Rdg1 Qe7 29. Re1 Bf4 30. Qd3 Be5 31. Re2 Nh7 32. Rc1 Ng5 33. Rf1 f6 34. Ka1 Nf7 35. Rc2 Ng5 36. Re2 b6 37. Kb1 Bxd4 38. Qxd4 Qe5 39. Qd3 Rc7 40. Rf5 Qe7 41. Qd4 Rb8 42. Qe3 Ra7 43. Kc2 Nf7 44. Kb3 Ne5 45. Rg2 Kh8 46. Qd4 Qc7 47. Rf1 Qf7 48. Rf5 Qe7 49. Re2 Kh7 50. Rf1 Rc7 51. Kxa3 Rbc8 52. Rc2 1/2-1/2

[Event "Wiesbaden op 27th"]
[Site "Wiesbaden"]
[Date "2015.08.28"]
[Round "3"]
[White "Kirchner, Stefan2"]
[Black "Leck, Gerrit"]
[Result "1/2-1/2"]
[WhiteElo "1497"]
[BlackElo "1836"]
[PlyCount "36"]
[EventDate "2015.08.27"]
[EventType "swiss"]
[EventRounds "7"]
[EventCountry "GER"]
[SourceTitle "EXT 2016"]
[Source "ChessBase"]
[SourceDate "2015.10.08"]
[SourceVersion "1"]
[SourceVersionDate "2015.10.08"]
[SourceQuality "1"]

1. e4 c5 2. Nf3 d6 3. d4 cxd4 4. Nxd4 Nf6 5. f3 e5 6. Nb3 a6 7. Be3 Be6 8. c4 Nbd7 9. Nc3 Be7 10. Be2 0-0 11. 0-0 Rc8 12. Nd5 Nc5 13. Nd2 Bxd5 14. cxd5 b5 15. Nb3 Na4 16. Qd2 Nd7 17. Na5 Nb8 18. Rac1 Qd7 1/2-1/2